[Event "SWZ-chT"]
[Site "SWZ"]
[Date "1995.??.??"]
[Round "5"]
[White "Preissmann, Emmanuel"]
[Black "Adler, Joel"]
[Result "1-0"]
[WhiteElo "2350"]
[BlackElo "2300"]

1.e4 c5 2.c3 Nf6 3.e5 Nd5 4.d4 cxd4 5.cxd4 d6 6.Bc4 Nb6 7.Bb5+ Bd7 8.e6 Bxb5
9.Qh5 Qc8 10.Qxb5+ Kd8 11.Be3 Qxe6 12.d5 Nxd5 13.Qxb7 Nc7 14.Nc3 d5 15.Nf3 Qa6
16.Qb3 e6 17.Nd4 Nd7 18.Ndb5 Nxb5 19.Nxb5 Nc5 20.Bxc5 Bxc5 21.O-O Qb6 22.Qd3 Ke7
23.Rae1 Rad8 24.Nc3 Bd4 25.Na4 Qb4 26.b3 Bb6 27.Qg3 Bd4 28.Qh4+ g5 29.Qxg5+ Bf6
30.Qe3 d4 31.Qd3 h5 32.Rc1 Rc8 33.Qa6 Qb8 34.Rxc8 Rxc8 35.Nb2 Rc2 36.Nc4 Qc7
37.Qa3+ Ke8 38.Nd6+ Kf8 39.Nb5+ Qc5 40.Qxc5+ Rxc5 41.Nxa7 d3 42.Rd1 d2 43.Kf1 Bc3
44.Ke2 Ba5 45.a4 h4 46.Nb5 Re5+ 47.Kd3 Re1 48.Kc2 Re2 49.Nc3 Rxf2 50.Rxd2 Rf4
51.Re2 Rd4 52.Nb5 Rd5 53.Na3 Ke7 54.Nc4 Bb4 55.Re5 Rd4 56.Rb5 Be1 57.a5 Rg4
58.Ne3 Rg8 59.Rb7+ Kf6 60.a6 Bf2 61.Kd3  1-0

[Event "SWZ-chT"]
[Site "SWZ"]
[Date "1995.??.??"]
[Round "6"]
[White "Preissmann, Emmanuel"]
[Black "Gallagher, Joseph G"]
[Result "1/2-1/2"]
[WhiteElo "2350"]
[BlackElo "2515"]

1.e4 c5 2.c3 Nf6 3.e5 Nd5 4.d4 cxd4 5.cxd4 e6 6.Bc4 Nb6 7.Bd3 Nc6 8.Nf3 d5
9.Bg5 Be7 10.Bxe7 Qxe7 11.O-O Bd7 12.a3 O-O 13.Nc3 Rac8 14.Qd2 f5 15.exf6 Rxf6
16.Qe3 Rcf8 17.Ng5 g6 18.f4 h6 19.Nf3 Rxf4 20.Ne2 R4f6 21.Qxh6 e5 22.dxe5 Nxe5
23.Qe3 Nbc4 24.Bxc4 Nxf3+ 25.Rxf3 Qxe3+ 26.Rxe3 dxc4 27.Nd4 Rb6 28.Re2 Rf4
29.Rd2 Rd6 30.Nf3 Rxd2 31.Nxd2 Bc6 32.Rc1 Bd5 33.Nb1 Kg7 34.Nc3 Bc6 35.Rd1 Kf7
36.g3 Rf5 37.Rd4 b5 38.Rd6 Rf6 39.Rxf6+ Kxf6 40.Kf2 Ke5 41.Ke3 a5 42.Ne2 b4
43.axb4 axb4 44.h4 Be4 45.Nd4 c3 46.bxc3 bxc3 47.g4 Kd5 48.Ne2 c2 49.Kd2 Ke5
50.Ng3 Bd3 51.g5 Kf4 52.h5 gxh5 53.Nxh5+ Kxg5 54.Ng3 Kf4 55.Nf1 Bxf1  1/2-1/2

[Event "SWZ-chT"]
[Site "SWZ"]
[Date "1995.??.??"]
[Round "7"]
[White "Ruefenacht, Matthias"]
[Black "Adler, Joel"]
[Result "1-0"]
[WhiteElo "2345"]
[BlackElo "2300"]

1.e4 c5 2.c3 Nf6 3.e5 Nd5 4.d4 cxd4 5.Nf3 Nc6 6.Bc4 Nb6 7.Bb3 d5 8.exd6 Qxd6
9.O-O Be6 10.Na3 Bxb3 11.Qxb3 Qd5 12.Nb5 Rc8 13.Nfxd4 Nxd4 14.Nxd4 e6 15.Rd1 Bc5
16.Qb5+ Qd7 17.Qe2 Qe7 18.Nb3 O-O 19.Nxc5 Qxc5 20.Be3 Qc7 21.Bd4 Rfe8 22.Be5 Qc5
23.b3 Nd5 24.c4 Ne7 25.Rd7 Nc6 26.Bd6 Qb6 27.Qf3 f5 28.c5 Qb4 29.a3  1-0

[Event "HUN-SLO juniors"]
[Site "Szentgotthard"]
[Date "1995.??.??"]
[Round "?"]
[White "Markun, Bostjan"]
[Black "Szuk, Balazs"]
[Result "0-1"]
[WhiteElo "2270"]
[BlackElo "2335"]

1.e4 c5 2.c3 Nf6 3.e5 Nd5 4.d4 cxd4 5.Nf3 Nc6 6.Bc4 Nb6 7.Bb3 d5 8.exd6 Qxd6
9.Na3 dxc3 10.Qe2 cxb2 11.Bxb2 Qb4+ 12.Kf1 Bg4 13.Nb5 Bxf3 14.gxf3 Qf4 15.Rd1 Rd8
16.Rg1 Rxd1+ 17.Qxd1 Qxh2 18.Ke2 a6 19.Nd4 Qe5+ 20.Kf1 Qd6 21.Rg4 h5 22.Re4 h4
23.Qe1 Rh5 24.Nxc6 bxc6 25.Qe3 h3 26.Be5 Nd5 27.Qd4 Qd7 28.Bh2 e6 29.Ba4 Bd6
30.Qc4 Ne7 31.Rd4 Rd5 32.Rxd5 exd5 33.Qxa6 Bxh2 34.Qa8+ Qc8 35.Bxc6+ Kd8
36.Qa5+ Bc7 37.Qa4 Nxc6 38.Qxc6 h2 39.Kg2 Qd7 40.Qa8+ Ke7 41.Qa3+ Qd6 42.Qe3+ Kd7  0-1

[Event "HUN-SLO juniors"]
[Site "Szentgotthard"]
[Date "1995.??.??"]
[Round "?"]
[White "Pavasovic, Dusko"]
[Black "Ruck, Robert"]
[Result "1/2-1/2"]
[WhiteElo "2440"]
[BlackElo "2460"]

1.e4 c5 2.c3 Nf6 3.e5 Nd5 4.d4 cxd4 5.Nf3 e6 6.cxd4 d6 7.Bc4 Nb6 8.Bd3 Bd7
9.O-O Bc6 10.Nc3 N8d7 11.Qe2 Be7 12.Ne4 dxe5 13.Nxe5 Nxe5 14.dxe5 Qd4 15.Ng5 h6
16.Nf3 Qg4 17.h3 Bxf3 18.Bb5+ Nd7 19.Bxd7+ Kd8 20.hxg4 Bxe2 21.Re1 Kxd7 22.Rxe2 Rhc8
23.Be3 Bc5 24.Rd1+ Ke8 25.Rdd2 Bxe3 26.Rxe3 Rc1+ 27.Kh2 Rd8 28.Ree2 Rxd2
29.Rxd2 Rc4 30.f3 Rc5 31.f4 Rc4 32.g3 g5 33.Rf2 Ke7 34.Kg2 Rd4 35.Kf3 Rd3+
36.Kg2 a5 37.Rc2 Kd7 38.Kf2 a4 39.a3 b5 40.Kg2 Rb3 41.Kf2 b4 42.axb4 Rxb4
43.Ke3 Rb3+ 44.Kf2 Rb4 45.Ke3  1/2-1/2

[Event "Tampere op"]
[Site "Tampere"]
[Date "1995.??.??"]
[Round "?"]
[White "Kiik, Kalle"]
[Black "Paasikangas, Johanna"]
[Result "1/2-1/2"]
[WhiteElo "2410"]
[BlackElo "2140"]

1.e4 c5 2.c3 Nf6 3.e5 Nd5 4.Nf3 d6 5.d4 Nc6 6.exd6 exd6 7.Bc4 Nb6 8.Bb5 Bd7
9.O-O Be7 10.a4 a6 11.Be2 O-O 12.d5 Ne5 13.Nxe5 dxe5 14.d6 Bg5 15.Bxg5 Qxg5
16.Bf3 Bc6 17.Bxc6 bxc6 18.Nd2 Nd5 19.Nc4 e4 20.Qd2 Qh4 21.Rad1 Rad8 22.Ne3 Nf4
23.g3 Nh3+ 24.Kg2 Qh5 25.f4 exf3+ 26.Rxf3 Ng5 27.Rf5 Rfe8 28.Re1 g6 29.Rff1 Ne4
30.Qd1 Qxd1 31.Rxd1 Nxd6 32.Ng4 Kg7 33.Rf6 Nc4 34.Rxd8 Rxd8 35.Rxc6 Rd2+
36.Kg1 h5 37.Rxc5 Nxb2 38.Ne5 Nxa4 39.Rc6 Re2 40.Nf3 a5 41.Ra6 Nxc3 42.Rxa5 f6
43.Ra7+ Kh6 44.Ra6 Ne4 45.Rb6 g5 46.Ra6 Kg6 47.Rb6 Ra2 48.Rb5 Nf2 49.Kg2 Ng4+
50.Kg1 Ne3 51.Rb3 Nf5 52.Rd3 h4 53.gxh4 g4 54.Nd4 Nxh4 55.h3 Kg5 56.hxg4 Kxg4
57.Kf1 Ng2 58.Rb3 Nf4 59.Ke1 Ra4 60.Nc2 Re4+ 61.Kf1  1/2-1/2

[Event "Tampere op"]
[Site "Tampere"]
[Date "1995.??.??"]
[Round "?"]
[White "Koskinen, Henri"]
[Black "Pyhala, Antti"]
[Result "1/2-1/2"]
[WhiteElo "2260"]
[BlackElo "2350"]

1.e4 c5 2.c3 Nf6 3.e5 Nd5 4.d4 d6 5.Nf3 Nc6 6.exd6 exd6 7.Be2 Be7 8.c4 Nf6
9.O-O O-O 10.h3 cxd4 11.Nxd4 d5 12.Nxc6 bxc6 13.cxd5 cxd5 14.Be3 Ne4 15.Nc3 Nxc3
16.bxc3 Bf6 17.Bd4 Bxd4 18.Qxd4 Be6 19.Rfd1 Qc7 20.Rd3 Rab8 21.Rg3 g6 22.Bd3 Rfc8
23.Ba6 Re8 24.Bd3 Qb6 25.Qxb6 Rxb6 26.Bc2 Rc8 27.Bb3 Rbc6 28.Rd1 Rxc3 29.Rxc3 Rxc3
30.Bxd5 Bxd5 31.Rxd5 Ra3 32.Rd2 g5 33.Rb2 Kg7 34.Kf1 h5 35.Rc2 h4 36.Rd2 Kg6
37.Rc2 f6 38.Rb2 Kf5 39.Re2 g4 40.hxg4+ Kxg4 41.Kg1 f5 42.Kh2 Kf4 43.f3 h3
44.Kxh3 Ra6 45.Kh2 Rh6+ 46.Kg1 Kg3 47.f4 Kxf4 48.Rf2+ Kg4 49.Rf3 Ra6 50.a3 Rb6
51.Rc3 f4 52.Kh2 Ra6 53.Rb3 Ra5 54.Rc3 a6 55.Rd3 Kf5 56.Rc3 Rd5 57.Rc4 a5
58.Rc8 Ke4 59.Re8+ Kd3 60.Kh3 Rg5 61.Kh2 Kc3 62.Rb8 Rc5 63.Kh3 Rc4 64.Kg4 a4
65.Rb7 Rd4  1/2-1/2

[Event "Terrasa op"]
[Site "Terrasa"]
[Date "1995.??.??"]
[Round "2"]
[White "Gonzalez, Sergio"]
[Black "Campos Moreno, Javier B"]
[Result "0-1"]
[WhiteElo "2320"]
[BlackElo "2450"]

1.e4 c5 2.c3 Nf6 3.e5 Nd5 4.g3 d6 5.exd6 e6 6.Bg2 Bxd6 7.Nf3 Nc6 8.O-O O-O
9.d4 Bd7 10.c4 Nf6 11.Bg5 cxd4 12.Nxd4 Be5 13.Nxc6 Bxc6 14.Qe2 Bxg2 15.Kxg2 Qc7
16.Na3 a6 17.Rab1 h6 18.Be3 Bd6 19.b4 a5 20.Nb5 Qc6+ 21.Qf3 Bxb4 22.a3 Be7
23.Na7 Qxc4 24.Rxb7 Bxa3 25.Nb5 Bb4 26.Bxh6 gxh6 27.Qxf6 Qd5+ 28.Qf3 Qxf3+
29.Kxf3 Rfb8 30.Rxb8+ Rxb8 31.Nd4 Bc3 32.Ne2 Bf6 33.Rc1 a4 34.Rc4 a3 35.Ra4 Rb3+
36.Ke4 Rb2 37.Nf4  0-1

[Event "Terrasa op"]
[Site "Terrasa"]
[Date "1995.??.??"]
[Round "7"]
[White "Baron Isanta, Jose Maria"]
[Black "Martin Gonzalez, A."]
[Result "1/2-1/2"]
[WhiteElo "2210"]
[BlackElo "2445"]

1.e4 c5 2.c3 Nf6 3.e5 Nd5 4.d4 cxd4 5.Nf3 e6 6.cxd4 d6 7.a3 Qc7 8.Nbd2 dxe5
9.Nxe5 Nc6 10.Ndf3 Bd6 11.Nxc6 bxc6 12.Bd3 Ba6 13.Bxa6 Qa5+ 14.Bd2 Qxa6 15.Qe2 Qb5
16.b4 O-O 17.h4 Rfe8 18.Rh3 Nb6 19.Rc1 Rad8 20.Kf1 h6 21.g4 Bf8 22.Be3 Rc8
23.Ne5 Bd6 24.Nc4 Nxc4 25.Qxc4 Be7 26.Ke2 Qa4 27.Rc3 a5 28.bxa5 Qxa5 29.Bd2 c5
30.g5 Qa8 31.gxh6 cxd4 32.Qxd4 Bf6 33.Rxc8 Rxc8 34.Qd3 Rd8 35.Qf3 Qa6+ 36.Ke1 Qb5
37.hxg7 Qb1+ 38.Qd1 Qf5 39.Qf3 Qb1+ 40.Qd1 Qb2 41.Qc1 Qe5+ 42.Re3 Qd5 43.Qc2 Bd4
44.Rg3 Qh1+ 45.Ke2 Qxh4 46.a4 Qh2 47.Rf3 Qe5+ 48.Kf1 Qh2  1/2-1/2

[Event "Tivat op"]
[Site "Tivat"]
[Date "1995.??.??"]
[Round "3"]
[White "Pesic, Ninoslav"]
[Black "Nikolov, Sasho"]
[Result "1/2-1/2"]
[WhiteElo "2355"]
[BlackElo "2370"]

1.e4 c5 2.c3 Nf6 3.e5 Nd5 4.d4 cxd4 5.Nf3 e6 6.cxd4 b6 7.Nc3 Nxc3 8.bxc3 Qc7
9.Bd2 d6 10.Bd3 Nd7 11.O-O dxe5 12.Nxe5 Nxe5 13.dxe5 Bb7 14.Re1 Rd8 15.Bg5 Be7
16.Bb5+ Bc6 17.Bxc6+ Qxc6 18.Qg4 Bxg5 19.Qxg5 O-O 20.Re3 Qa4 21.h4 h6 22.Qh5 Rd2
23.Rae1 Rfd8 24.Re4 Qc2 25.Rf4 R8d7 26.a4 Qxc3 27.Re3 Qc1+ 28.Kh2 Rxf2  1/2-1/2

[Event "JUG-chT"]
[Site "Tivat"]
[Date "1995.??.??"]
[Round "4"]
[White "Markovic, Miroslav"]
[Black "Matulovic, Milan"]
[Result "0-1"]
[WhiteElo "2470"]
[BlackElo "2455"]

1.e4 c5 2.c3 Nf6 3.e5 Nd5 4.d4 cxd4 5.Nf3 Nc6 6.Bc4 Nb6 7.Bb3 g6 8.cxd4 Bg7
9.Nc3 O-O 10.h4 d5 11.h5 Bg4 12.Rh4 gxh5 13.Bc2 f5 14.a3 e6 15.Rh1 Rc8 16.Qd3 Bxf3
17.gxf3 Nc4 18.f4 Qb6 19.b3 Nxd4 20.bxc4 dxc4 21.Qd1 Rfd8 22.Be3 Qb2 23.Bxd4 Rxd4
24.Qxd4 Qxa1+ 25.Bd1 Qxa3 26.Rg1 Qe7 27.Be2 Kh8 28.Rg3 h4 29.Rf3 b6 30.Kf1 Bf8
31.Nb5 Qg7 32.Nd6 Bxd6 33.Qxd6 c3 34.Qxe6 Rg8 35.Bd3 Qg1+ 36.Ke2 Qc1 37.Qf6+ Rg7
38.Re3 Qd2+ 39.Kf3 Qd1+ 40.Re2 Qxd3+ 41.Re3 Qd5+ 42.Ke2 Qc4+  0-1

[Event "JUG-chT"]
[Site "Tivat"]
[Date "1995.??.??"]
[Round "5"]
[White "Govedarica, Radovan"]
[Black "Popovic, Petar"]
[Result "1/2-1/2"]
[WhiteElo "2430"]
[BlackElo "2555"]

1.e4 c5 2.c3 Nf6 3.e5 Nd5 4.d4 cxd4 5.Qxd4 e6 6.Nf3 Nc6 7.Qe4 d6 8.Bc4 Nb6
9.Bb3 Nd7 10.exd6 Nc5 11.Qe2 Nxb3 12.axb3 Bxd6 13.O-O O-O 14.Rd1 Qc7 15.Na3 Bxa3
16.Rxa3 e5 17.b4 Bg4 18.h3 Bxf3 19.Qxf3 a6 20.Be3 Rfd8 21.Raa1 Rxd1+ 22.Rxd1 Rd8
23.Rd5 h6 24.Qd1 Rxd5 25.Qxd5 Qd8 26.Qc4 Qd1+ 27.Kh2 Qd6 28.b5 axb5 29.Qxb5 e4+
30.Kg1 Qd1+  1/2-1/2

[Event "JUG-chT"]
[Site "Tivat"]
[Date "1995.??.??"]
[Round "7"]
[White "Filipovic, Branko"]
[Black "Cabrilo, Goran"]
[Result "0-1"]
[WhiteElo "2410"]
[BlackElo "2470"]

1.e4 c5 2.c3 Nf6 3.e5 Nd5 4.Nf3 Nc6 5.Bc4 Nb6 6.Bb3 g6 7.d4 cxd4 8.Ng5 d5
9.exd6 e6 10.Qf3 f6 11.Nxe6 Bxe6 12.Bxe6 Bxd6 13.Qh3 f5 14.O-O Qf6 15.Re1 Kd8
16.Bb3 Kd7 17.Bd2 Rae8 18.Rxe8 Rxe8 19.cxd4 Nxd4 20.Nc3 h5 21.Qd3 Kc8 22.Be3 Bc5
23.Nd5 Nxd5 24.Bxd5 Kb8 25.Bf4+ Ka8 26.Kf1 g5 27.Rc1 gxf4 28.Rxc5 Qe7 29.Rc1 Qe5
30.Qc4 Kb8 31.Rd1 f3 32.gxf3 Qxh2 33.f4 Ne2 34.Qxe2 Rxe2 35.Kxe2 Qxf4 36.Bf3 Qe5+
37.Kf1 Kc7 38.Rc1+ Kb6 39.Rc3 a5 40.Rb3+ Kc5 41.a4 Qf4 42.Rb5+ Kd6 43.Bxh5 Qxa4
44.Be2 Kc7 45.b3 Qe4 46.f3 Qb1+ 47.Kf2 b6 48.Bc4 Qc2+ 49.Be2 Kc6 50.Re5 Qxb3
51.Rxf5 a4 52.Rf6+ Kc7 53.Rf4 a3 54.Bc4 Qb2+ 55.Kg3 a2 56.Bxa2 Qxa2 57.Re4 b5
58.f4 Qd5 59.Re5 Qxe5  0-1

[Event "Tivat op"]
[Site "Tivat"]
[Date "1995.??.??"]
[Round "7"]
[White "Turov, Maxim"]
[Black "Ilic, Ljubomir"]
[Result "1-0"]
[WhiteElo "2345"]
[BlackElo "2270"]

1.e4 c5 2.c3 Nf6 3.e5 Nd5 4.d4 cxd4 5.Nf3 Nc6 6.Bc4 Nb6 7.Bb3 d5 8.exd6 Qxd6
9.O-O Be6 10.Na3 Bxb3 11.Qxb3 Qd5 12.Nb5 Qxb3 13.axb3 Kd7 14.Nbxd4 Nxd4 15.Rd1 Ke8
16.Nxd4 a6 17.Be3 Rc8 18.Nf3 Nd7 19.b4 f6 20.b5 axb5 21.Ra7 Rc7 22.Nd4 b4
23.Ne6 Rc8 24.Rxb7 Ne5 25.Rxb4 Kf7 26.Nd8+ Ke8 27.Ne6 Kf7 28.Nd4 Nc4 29.Bc1 e6
30.Rb7+ Be7 31.Kf1 Rhd8 32.Ke2 Nd6 33.Ra7 e5 34.Nc2 Ra8 35.Rxa8 Rxa8 36.Na3 Ke6
37.Kd3 f5 38.Kc2 Rc8 39.Re1 g5 40.f3 h5 41.b4 f4 42.Kb3 Kf5 43.c4 g4 44.Bb2 Bf6
45.c5 Nf7 46.Nc4 Rg8 47.c6 Rb8 48.Bc3 Ke6 49.Rd1 Be7 50.Rd7 e4 51.fxe4 f3
52.gxf3 gxf3 53.Rd5 f2 54.Rf5 Bh4 55.Bd4 Nh6 56.Bxf2  1-0

[Event "JUG-chT"]
[Site "Tivat"]
[Date "1995.??.??"]
[Round "11"]
[White "Miljanic, Boro"]
[Black "Tesic, Dragan"]
[Result "1/2-1/2"]
[WhiteElo "2380"]
[BlackElo "2350"]

1.e4 c5 2.c3 Nf6 3.e5 Nd5 4.d4 cxd4 5.Nf3 d6 6.Bc4 Nb6 7.Bb3 dxe5 8.Nxe5 e6
9.Qh5 Qc7 10.O-O g6 11.Qe2 Nc6 12.Nxc6 bxc6 13.cxd4 Bg7 14.Rd1 O-O 15.Nc3 Rd8
16.Qe4 Nd5 17.Na4 h6 18.Qh4 Qe7  1/2-1/2

[Event "Toronto ch"]
[Site "Toronto"]
[Date "1995.??.??"]
[Round "3"]
[White "Ochkoos, Jura"]
[Black "Livshits, Ron"]
[Result "0-1"]
[WhiteElo "2230"]
[BlackElo "2365"]

1.e4 c5 2.c3 Nf6 3.e5 Nd5 4.d4 cxd4 5.cxd4 d6 6.Nf3 Nc6 7.Be2 g6 8.exd6 Qxd6
9.Nc3 Bg7 10.O-O O-O 11.Qb3 Be6 12.Qxb7 Ndb4 13.Nb5 Qd5 14.Nc3 Qa5 15.Bf4 Rab8
16.Qc7 Qxc7 17.Bxc7 Rb7 18.Be5 Nxe5 19.dxe5 Nc6 20.b3 Nxe5 21.Rac1 Rd7 22.Ne4 Bf5
23.Nxe5 Bxe5 24.Bf3 Rfd8 25.g3 Bh3 26.Rfd1 Bd4 27.g4 h6 28.b4 f5 29.gxf5 Bxf5
30.Nc5 Rc7 31.Kg2 e5 32.Nb3 Rxc1 33.Rxc1 e4 34.Be2 Be5 35.b5 Kf8 36.a4 Be6
37.Nc5 Bd5 38.Bc4 e3+ 39.Bxd5 Rxd5 40.fxe3 Rd2+ 41.Kf3 Bxh2 42.a5 Ra2 43.a6 Ke7
44.Nb3 h5 45.Nd4 g5 46.Ke4 g4 47.Rc5 h4 48.Nf5+ Kd7 49.Nxh4 Ra4+ 50.Kd3 Ra3+
51.Rc3 Ra2 52.Rc2 Ra3+ 53.Kc4 Bd6 54.Nf5 Ra4+ 55.Kd5 Bc7 56.Rg2 g3 57.e4 Ra1
58.Rd2 Bf4 59.Rg2 Rd1+ 60.Kc5 Re1 61.Kd4 Rd1+ 62.Kc3 Ra1 63.Kd3 Rb1 64.Nd4 Rd1+
65.Kc4 Rc1+ 66.Kd5 Rd1 67.Re2 Bc7 68.Kc4 Bb6 69.Nf5 Bf2 70.Nh4 Rd4+ 71.Kc3 Rd6
72.e5 Rh6 73.Ng2 Rh2  0-1

[Event "Toronto ch"]
[Site "Toronto"]
[Date "1995.??.??"]
[Round "9"]
[White "Ochkoos, Jura"]
[Black "Nickoloff, Bryon"]
[Result "0-1"]
[WhiteElo "2230"]
[BlackElo "2420"]

1.e4 c5 2.c3 Nf6 3.e5 Nd5 4.Nf3 Nc6 5.Na3 g6 6.Bc4 Nb6 7.Bb3 Bg7 8.d4 cxd4
9.cxd4 d6 10.exd6 Qxd6 11.d5 Na5 12.O-O Bd7 13.Qe2 Nxb3 14.axb3 Qxd5 15.Be3 Qxb3
16.Nd4 Qb4 17.Qf3 O-O 18.Qxb7 Rfc8 19.Nac2 Qd6 20.Rfd1 Qc7 21.Qxc7 Rxc7 22.Nb4 Kf8
23.b3 a5 24.Nd3 Nd5 25.b4 Nxe3 26.fxe3 Rca7 27.b5 Bxd4 28.exd4 Bxb5 29.Nc5 Rc7
30.Rab1 Be8 31.Rdc1 Kg8 32.Kf2 a4 33.Kf3 Rca7  0-1

[Event "FRA-ch (Women)"]
[Site "Toulouse"]
[Date "1995.??.??"]
[Round "1"]
[White "Bonvalot, Isabelle"]
[Black "Muller, Anne"]
[Result "1/2-1/2"]
[WhiteElo "2135"]
[BlackElo "2185"]

1.e4 c5 2.c3 Nf6 3.e5 Nd5 4.d4 cxd4 5.Nf3 e6 6.cxd4 b6 7.Bc4 Bb7 8.O-O Qc7
9.Bb3 d6 10.Re1 Nd7 11.Bg5 dxe5 12.Nxe5 Nxe5 13.dxe5 Be7 14.Bxe7 Nxe7 15.Ba4+ Bc6
16.Nc3 O-O 17.Bxc6 Nxc6 18.Nb5 Qb8 19.Rc1 Rd8 20.Qh5 Rd5 21.Nd6 g6 22.Qh6 Ne7
23.Ne4 Qxe5 24.Qh4 g5 25.Qh6 Qg7 26.Nf6+ Kh8 27.Qxg7+ Kxg7 28.Nxd5 Nxd5 29.a3 a5
30.Rc6 Rd8 31.Rd1 h6 32.Rxb6 Rc8 33.Rb5 Rc2 34.h3 Kf6 35.Rd3 h5 36.Rf3+ Kg6
37.Rb7 f5 38.g4 hxg4 39.hxg4 f4 40.Rd3 Nf6 41.f3 Nd5 42.b4 axb4 43.axb4 Ne3
44.b5 Rg2+ 45.Kh1 Rf2 46.Rdd7  1/2-1/2

[Event "Trelew Clarin-GP"]
[Site "Trelew"]
[Date "1995.??.??"]
[Round "3"]
[White "Gomez Baillo, Jorge H"]
[Black "Zarnicki, Pablo"]
[Result "0-1"]
[WhiteElo "2420"]
[BlackElo "2570"]

1.e4 c5 2.c3 Nf6 3.e5 Nd5 4.Nf3 e6 5.Bc4 d6 6.d4 Nc6 7.O-O dxe5 8.dxe5 Be7
9.Qe2 a6 10.a4 b6 11.Nbd2 Qc7 12.Re1 Bb7 13.Nf1 Na5 14.Ba2 O-O-O 15.Ng3 h6
16.Bd2 g5 17.h3 Rhg8 18.b4 cxb4 19.cxb4 Nxb4 20.Rec1 Nac6 21.Bc4 Kb8 22.Bxb4 Nxb4
23.a5 Rc8 24.Qb2 Bc5 25.Nd2 Qc6 26.Nge4 g4 27.hxg4 Rxg4 28.Bf1 Rxe4 29.Nxe4 Qxe4
30.Rc4 Qd5  0-1

[Event "SVK-ch"]
[Site "Trencin"]
[Date "1995.??.??"]
[Round "5"]
[White "Grechanovskaya, Elena"]
[Black "Gazi, Mikulas"]
[Result "1/2-1/2"]
[WhiteElo "2100"]
[BlackElo "2240"]

1.e4 c5 2.c3 Nf6 3.e5 Nd5 4.d4 cxd4 5.Nf3 Nc6 6.Bc4 Nb6 7.Bb3 d6 8.exd6 Qxd6
9.O-O Be6 10.Na3 Bxb3 11.Qxb3 e6 12.Nb5 Qd7 13.Nbxd4 Be7 14.Bf4 Nxd4  1/2-1/2

[Event "Tula"]
[Site "Tula"]
[Date "1995.??.??"]
[Round "?"]
[White "Vorotnikov, Vladislav V"]
[Black "Losev, Dmitry"]
[Result "1-0"]
[WhiteElo "2460"]
[BlackElo "2350"]

1.e4 c5 2.c3 Nf6 3.e5 Nd5 4.g3 Nc6 5.Bg2 e6 6.Nf3 Qc7 7.Qe2 Be7 8.d3 O-O
9.c4 Qa5+ 10.Bd2 Ndb4 11.O-O Qb6 12.Bf4 Qd8 13.a3 Na6 14.Nc3 d6 15.exd6 Bxd6
16.Bxd6 Qxd6 17.Nb5 Qe7 18.d4 cxd4 19.Nfxd4 Nab8 20.Nf5 Qc5 21.Nfd6 a6 22.b4 Qg5
23.Nxc8 axb5 24.Nd6 bxc4 25.Qxc4 Qe7 26.Rfd1 Ra7 27.Qc5 Nd7 28.Qe3 Ra4 29.Nxb7 Nde5
30.Na5 Nxa5 31.Qxe5 Nc4 32.Qb5 Nb2 33.Rd2 Qf6 34.Ra2  1-0

[Event "American op"]
[Site "USA"]
[Date "1995.??.??"]
[Round "6"]
[White "Jezierska, Ivona"]
[Black "Ramos, Steve L"]
[Result "0-1"]
[WhiteElo "2085"]
[BlackElo "2225"]

1.e4 c5 2.c3 Nf6 3.e5 Nd5 4.d4 cxd4 5.Nf3 Nc6 6.Bc4 e6 7.O-O Nb6 8.Bb3 d6
9.Bf4 dxc3 10.Qe2 cxb2 11.Qxb2 d5 12.Nc3 Be7 13.Rad1 O-O 14.Ne4 Bd7 15.Ng3 f5
16.Qd2 Qe8 17.h4 Rd8 18.Rc1 Bc8 19.Rfd1 Ba3 20.Rc2 Nc4 21.Qe2 b5 22.Bg5 Be7
23.Bf4 Bc5 24.a4 a6 25.axb5 axb5 26.Ra1 Qg6 27.Qd1 Qg4 28.Ne2 Bb7 29.Rc3 d4
30.Rd3 Nb4 31.Ne1 Nxd3 32.Qxd3 Be4 33.Qg3 d3 34.Bxc4 bxc4 35.Nc3 Qxg3 36.Bxg3 d2
37.Nxe4 dxe1=Q+ 38.Rxe1 fxe4 39.Rxe4 Rd1+ 40.Kh2 c3  0-1

[Event "EU-ch U14"]
[Site "Verdun"]
[Date "1995.??.??"]
[Round "3"]
[White "Zakharov, Alexander S"]
[Black "Fedorchuk, Sergey A"]
[Result "1-0"]
[WhiteElo "2305"]
[BlackElo "2365"]

1.e4 c5 2.c3 Nf6 3.e5 Nd5 4.d4 cxd4 5.Nf3 Nc6 6.Bc4 e6 7.cxd4 d6 8.O-O Be7
9.Qe2 O-O 10.Nc3 dxe5 11.dxe5 Nxc3 12.bxc3 Qa5 13.Qe4 Rd8 14.Bg5 Qxc3 15.Rfc1 Qa3
16.Rab1 Bxg5 17.Nxg5 g6 18.Qh4 h5 19.Ne4 Rd4 20.Nf6+ Kf8 21.Qg5 Qa5 22.f4 Qd2
23.Qh6+ Ke7 24.Qh8 Rd8 25.Ng8+ Rxg8 26.Qxg8 Rb8 27.Qg7 Qxf4 28.Rf1 Qd4+ 29.Kh1 Nxe5
30.Qf6+ Ke8 31.Rbd1  1-0

[Event "EU-ch U14"]
[Site "Verdun"]
[Date "1995.??.??"]
[Round "5"]
[White "Zakharov, Alexander S"]
[Black "Fressinet, Laurent"]
[Result "1/2-1/2"]
[WhiteElo "2305"]
[BlackElo "2135"]

1.e4 c5 2.c3 Nf6 3.e5 Nd5 4.d4 cxd4 5.Nf3 Nc6 6.Bc4 Nb6 7.Bb3 g6 8.cxd4 Bg7
9.Bf4 d6 10.exd6 O-O 11.h3 Nxd4 12.Nxd4 e5 13.Bh2 exd4 14.O-O Bf5 15.Qf3 Nc8
16.Qxb7 Nxd6 17.Qd5 Ne8 18.Be5 Qxd5 19.Bxd5 Rd8 20.Bxg7 Nxg7  1/2-1/2

[Event "EU-ch U14"]
[Site "Verdun"]
[Date "1995.??.??"]
[Round "6"]
[White "Acs, Peter"]
[Black "Thorfinnsson, Bragi"]
[Result "1-0"]
[WhiteElo "2240"]
[BlackElo "2185"]

1.e4 c5 2.c3 Nf6 3.e5 Nd5 4.d4 cxd4 5.Nf3 Nc6 6.cxd4 d6 7.a3 e6 8.Bd3 Be7
9.O-O a6 10.Re1 b5 11.a4 b4 12.Nbd2 Bb7 13.Ne4 dxe5 14.dxe5 Qb6 15.Bg5 f6
16.exf6 gxf6 17.Nxf6+ Nxf6 18.Bxf6 Bxf6 19.Rxe6+ Be7 20.Ne5 Rf8 21.Bg6+  1-0

[Event "EU-ch U14"]
[Site "Verdun"]
[Date "1995.??.??"]
[Round "8"]
[White "Acs, Peter"]
[Black "Fedorchuk, Sergey A"]
[Result "0-1"]
[WhiteElo "2240"]
[BlackElo "2365"]

1.e4 c5 2.c3 Nf6 3.e5 Nd5 4.d4 cxd4 5.Nf3 Nc6 6.Bc4 Nb6 7.Bb3 g6 8.cxd4 Bg7
9.O-O O-O 10.Qe2 d5 11.Nc3 Bg4 12.Rd1 a5 13.h3 Bxf3 14.Qxf3 e6 15.Qg4 Qe7
16.Qe2 f6 17.f4 fxe5 18.fxe5 a4 19.Bc2 Qh4 20.Be3 Nc4 21.Bf2 Qe7 22.Bd3 Rxf2
23.Qxf2 Rf8 24.Qg3 Nxd4 25.Bxc4 Qc5 26.Kh1 Nf5 27.Qd3 Bxe5 28.Ne2 dxc4 29.Qd7 Qe3
30.Qxe6+ Kh8 31.Re1 Bxb2 32.Qxe3 Nxe3 33.Rab1 a3 34.Nc3 Bxc3 35.Rxe3 Bb2
36.Rbe1 c3 37.R1e2 b5 38.Re4 Rd8 39.Kg1 Rd2 40.Re8+ Kg7 41.Rxd2 cxd2 42.Rd8 Bc3
43.Kf2 b4 44.Ke2 b3 45.axb3 a2  0-1

[Event "CUB-ch sf"]
[Site "Villa Clara"]
[Date "1995.??.??"]
[Round "3"]
[White "De la Paz, Frank"]
[Black "Blanco Fernandez, Alvaro"]
[Result "1-0"]
[WhiteElo "2330"]
[BlackElo "2450"]

1.e4 c5 2.c3 Nf6 3.e5 Nd5 4.d4 cxd4 5.Nf3 Nc6 6.Bc4 Nb6 7.Bb3 d5 8.exd6 Qxd6
9.Na3 dxc3 10.Qe2 Bf5 11.Nb5 Qd7 12.Ne5 Nxe5 13.Qxe5 f6 14.Nc7+ Kd8 15.Ne6+ Bxe6
16.Qxe6 Rc8 17.Qe2 e5 18.O-O Kc7 19.a4 Kb8 20.a5 Na8 21.bxc3 Qc6 22.Bd2 Bc5
23.Bc2 Rcd8 24.Rfb1 b6 25.Be3 Rd6 26.axb6 axb6 27.Bxc5 Qxc5 28.Qa6  1-0

[Event "CUB-ch sf"]
[Site "Villa Clara"]
[Date "1995.??.??"]
[Round "7"]
[White "Larduet, Carlos"]
[Black "Diaz, Joaquin C"]
[Result "0-1"]
[WhiteElo "2290"]
[BlackElo "2435"]

1.e4 c5 2.c3 Nf6 3.e5 Nd5 4.d4 cxd4 5.Nf3 e6 6.cxd4 b6 7.Nc3 Bb7 8.Bd3 Be7
9.O-O O-O 10.Qe2 Nxc3 11.bxc3 d6 12.Re1 Nd7 13.Be4 Bxe4 14.Qxe4 dxe5 15.Nxe5 Nxe5
16.Qxe5 Rc8 17.Bd2 Qd7 18.a4 Rfd8 19.Reb1 Bf6 20.Qb5 e5 21.dxe5 Bxe5 22.Qxe5 Qxd2
23.a5 Rc5 24.Qe1 Qxe1+ 25.Rxe1 Rxc3 26.axb6 axb6 27.Ra7 g6 28.g3 Rd2 29.Rb7 Rcc2
30.Rf1 Rb2 31.Kg2 b5 32.g4 b4 33.g5 b3 34.Rb8+ Kg7 35.h4 h6 36.Kf3 hxg5 37.hxg5 Rd3+
38.Kg4 Rc2 39.Ra1 Rc4+ 40.f4 Rcc3 41.Rg1 Rf3 42.Rb4 Rfd3 43.Rb8 Rc4 44.Rg3 Rdd4
45.Rbxb3 Rxf4+ 46.Kh3 Rh4+ 47.Kg2 Rc5 48.Rbc3 Rf5 49.Rcf3 Rh5 50.Rxf5 gxf5
51.Kf3 Kg6 52.Kf4 Rh4+ 53.Kf3 f4 54.Rg1 Kf5 55.Ra1 Rh3+ 56.Kg2 Kg4 57.Ra4 Rg3+
58.Kf2 Rb3 59.Ra2 Rh3 60.Kg2 f3+ 61.Kg1 Rh8 62.Rb2 Kg3 63.g6 Rc8  0-1

[Event "CUB-ch sf"]
[Site "Villa Clara"]
[Date "1995.??.??"]
[Round "8"]
[White "Vega, Lemay"]
[Black "Leyva, Hector"]
[Result "0-1"]
[WhiteElo "2270"]
[BlackElo "2415"]

1.e4 c5 2.c3 Nf6 3.e5 Nd5 4.d4 cxd4 5.Qxd4 e6 6.Nf3 Nc6 7.Qe4 f5 8.exf6 Nxf6
9.Qh4 d5 10.Bd3 Bd6 11.Bg5 e5 12.Bg6+ Ke7 13.Bc2 Kf7 14.Nbd2 h6 15.Bxf6 Qxf6
16.O-O-O Rd8 17.Rhe1 Be6 18.Qxf6+ gxf6 19.Nf1 Bc5 20.Ne3 d4 21.cxd4 exd4
22.Nf5 Bxa2 23.Re4 Rac8 24.Nxh6+ Kf8 25.Kd2 d3 26.Bxd3 Nb4 27.Ne1 Nxd3 28.Nxd3 Bxf2
29.Rf1 Bd4 30.Ng4 Rd6 31.Ref4 Kg7 32.Ne3 Be6 33.Re4 Rcd8 34.Kc2 Rc6+ 35.Kb1 Bxe3
36.Rxe3 Bc4 37.Rff3 Bb3 38.Nc1 Rxc1+  0-1

[Event "CUB-ch sf"]
[Site "Villa Clara"]
[Date "1995.??.??"]
[Round "8"]
[White "De la Paz, Frank"]
[Black "Bezanilla, Alexis"]
[Result "1-0"]
[WhiteElo "2330"]
[BlackElo "2185"]

1.e4 c5 2.c3 Nf6 3.e5 Nd5 4.d4 cxd4 5.Nf3 Nc6 6.Bc4 Nb6 7.Bb3 g6 8.cxd4 Bg7
9.Bf4 d6 10.exd6 O-O 11.O-O exd6 12.h3 Bf5 13.Nc3 d5 14.Nb5 Be4 15.Ne5 Na5
16.Rc1 a6 17.Nc3 Bf5 18.Bc2 Bxc2 19.Rxc2 Rc8 20.Re2 Nbc4 21.Na4 b5 22.Nc5 Nxe5
23.Bxe5 Bxe5 24.Rxe5 Nc6 25.Re3 Qh4 26.Nxa6 Ra8 27.Nc7 Rxa2 28.Nxd5 Rd8 29.Qb3 Raa8
30.Qxb5 Nxd4 31.Qc5 Ne6 32.Ne7+ Kg7 33.Qe5+ Kh6 34.Nc6 Rdc8 35.Rc3 Qf4 36.Qd5 Qf6
37.Ne5 Kg7 38.Rf3 Nf4 39.Qxf7+ Qxf7 40.Nxf7 Ne2+ 41.Kh2 Rc2 42.Ng5 Rxb2 43.Rf7+ Kg8
44.Re7 Nf4 45.Nxh7 Re2 46.Nf6+ Kf8 47.Rxe2 Nxe2 48.Rb1 Nd4 49.Rb6 Ra2 50.Ng4 Kg7
51.Rb7+ Kf8 52.Kg3 Ra5 53.Rb4 Nf5+ 54.Kf4 Ne7 55.Ne3 Rc5 56.Re4 Kf7 57.Re5 Rxe5
58.Kxe5 Nc6+ 59.Ke4 Kf6 60.f4 Nd8 61.g4 Ne6 62.Nd5+ Kf7 63.h4 Nc5+ 64.Kd4 Nb3+
65.Ke3 Nc5 66.Nc3 Kg7 67.Ne4 Ne6 68.Ng3 Kf6 69.h5 gxh5 70.Nxh5+ Kf7 71.f5 Ng5
72.Ng3 Kg7 73.Ne4 Nf7 74.Kf4 Kh7 75.g5 Kg7 76.g6 Nh6 77.Kg5 Ng8 78.f6+  1-0